| 000 | 01008nmc a2200337 a 4500 | ||
|---|---|---|---|
| 003 | AR-BaBNM | ||
| 005 | 20251128204707.0 | ||
| 008 | 011101s1993 ||||||||||||||000 | spa|| | ||
| 020 | _a84-7046-496-5 | ||
| 040 | _cAR-BaBNM | ||
| 100 | 1 | _aFabregat, Antonio Manuel | |
| 245 | 1 | 0 |
_aEl encuentro gozoso con los libros _bdinámicas de animación a la lectura |
| 260 |
_aMadrid _bCincel _c1993 |
||
| 300 | 1 |
_avii, 120 p. _bdiagr., il. |
|
| 490 | 0 |
_aBiblioteca esencial del profesor de lengua _vv. 3 |
|
| 504 | _aBibliografía: p. 119-120 | ||
| 650 | 4 | _aENSENANZA DE LA LECTURA | |
| 650 | 4 | _aMETODO GLOBAL | |
| 650 | 4 | _aINICIACION EN LA LECTURA | |
| 650 | 4 | _aMETODOS DE ENSENANZA | |
| 650 | 4 | _aLIBROS DE TEXTO | |
| 650 | 4 | _aGENEROS LITERARIOS | |
| 650 | 4 | _aAPRECIACION LITERARIA | |
| 650 | 4 | _aMOTIVACION DEL ALUMNO | |
| 650 | 4 | _aROL DEL DOCENTE | |
| 650 | 4 | _aLECTORES | |
| 653 | 0 | _aENSENANZA DE LA LENGUA | |
| 800 | 1 |
_aSepúlveda Barrios, Félix _edirector |
|
| 942 | _cBK | ||
| 998 | _cSILVI | ||
| 999 |
_c8451 _d8451 |
||